<?xml version="1.0" encoding="UTF-8"?>
<collection xmlns="http://www.loc.gov/MARC21/slim">
<record>
  <controlfield tag="001">94989</controlfield>
  <controlfield tag="005">20220912152512.0</controlfield>
  <datafield tag="037" ind1=" " ind2=" ">
    <subfield code="a">TAZ-TFG-2015-2508</subfield>
  </datafield>
  <datafield tag="041" ind1=" " ind2=" ">
    <subfield code="a">spa</subfield>
  </datafield>
  <datafield tag="100" ind1="1" ind2=" ">
    <subfield code="a">Sanz Calero, Borja</subfield>
  </datafield>
  <datafield tag="245" ind1="0" ind2="0">
    <subfield code="a">Antíguas Unidades de Caballería Regular en Melilla</subfield>
  </datafield>
  <datafield tag="260" ind1=" " ind2=" ">
    <subfield code="a">Zaragoza</subfield>
    <subfield code="b">Universidad de Zaragoza</subfield>
    <subfield code="c">2015</subfield>
  </datafield>
  <datafield tag="500" ind1=" " ind2=" ">
    <subfield code="a">Anexos incluidos dentro de la memoria. Resumen disponible también en inglés (Keywords: Military History, Regular forces, Cavalry, Melilla, Spanish Army.</subfield>
  </datafield>
  <datafield tag="506" ind1=" " ind2=" ">
    <subfield code="a">by-nc-sa</subfield>
    <subfield code="b">Creative Commons</subfield>
    <subfield code="c">3.0</subfield>
    <subfield code="u">http://creativecommons.org/licenses/by-nc-sa/3.0/</subfield>
  </datafield>
  <datafield tag="520" ind1=" " ind2=" ">
    <subfield code="a">Este trabajo pretende profundizar en la Historia Militar de las unidades de Caballería de las Fuerzas Regulares de Melilla, que sirvieron a España desde 1911 hasta 1958 en el Protectorado español de Marruecos, analizando su evolución, reclutamiento, cambios organizativos, campañas en las que intervinieron y hechos más destacados. La memoria comienza con un breve contexto histórico y una comparación entre los ejércitos expedicionarios de la época frente a la recluta de indígenas y sus ventajas. Después se relatan cronológicamente los sucesos de la Guerra de Marruecos, la Guerra Civil, y sus últimos años de existencia como tropas de guarnición en el Protectorado español pacificado. También se han incluido varios anexos que complementan aspectos de menor importancia pero que ayudan a un mejor entendimiento del mismo.&lt;br /></subfield>
  </datafield>
  <datafield tag="521" ind1=" " ind2=" ">
    <subfield code="a">Graduado en Ingeniería de Organización Industrial</subfield>
  </datafield>
  <datafield tag="540" ind1=" " ind2=" ">
    <subfield code="a">Derechos regulados por licencia Creative Commons</subfield>
  </datafield>
  <datafield tag="700" ind1=" " ind2=" ">
    <subfield code="a">Escribano Bernal, Francisco</subfield>
    <subfield code="e">dir.</subfield>
  </datafield>
  <datafield tag="700" ind1=" " ind2=" ">
    <subfield code="a">Iglesias Vázquez, Marcos</subfield>
    <subfield code="e">dir.</subfield>
  </datafield>
  <datafield tag="710" ind1="2" ind2=" ">
    <subfield code="a">Universidad de Zaragoza</subfield>
    <subfield code="b"> </subfield>
    <subfield code="c"></subfield>
  </datafield>
  <datafield tag="856" ind1="0" ind2=" ">
    <subfield code="f">663546@celes.unizar.es</subfield>
  </datafield>
  <datafield tag="856" ind1="4" ind2=" ">
    <subfield code="s">1963592</subfield>
    <subfield code="u">http://zaguan.unizar.es/record/94989/files/TAZ-TFG-2015-2508.pdf</subfield>
    <subfield code="y">Memoria (spa)</subfield>
  </datafield>
  <datafield tag="909" ind1="C" ind2="O">
    <subfield code="o">oai:zaguan.unizar.es:94989</subfield>
    <subfield code="p">driver</subfield>
    <subfield code="p">tfg-tfm-cud</subfield>
    <subfield code="p">trabajos-fin-grado</subfield>
  </datafield>
  <datafield tag="950" ind1=" " ind2=" ">
    <subfield code="a"></subfield>
  </datafield>
  <datafield tag="980" ind1=" " ind2=" ">
    <subfield code="a">TAZ</subfield>
    <subfield code="b">TFG</subfield>
    <subfield code="c">CUD</subfield>
  </datafield>
  <datafield tag="951" ind1=" " ind2=" ">
    <subfield code="a">deposita:2020-08-19</subfield>
  </datafield>
</record>
</collection>